| 000 | 00663cam a2200193 4500 | ||
|---|---|---|---|
| 001 | WB3630-37 | ||
| 008 | 000000n2000 000 0 eng u | ||
| 035 | _a(Sirsi) u107486 | ||
| 245 | _aFarmland prices | ||
| 260 | _c2000 | ||
| 490 |
_aRICS Press Release _v(pr094) 28 July 2000 (2) |
||
| 520 | _aThe latest RICS Rural Property Surveys shows that farmland values fell by 3.3% during 2Q 2000. However, values are only 1% down on the same quarter of 1999. Copies of the survey are availaable from the RICS Library. | ||
| 590 | _aWB | ||
| 650 | _aLAND PRICES | ||
| 650 | _aFARMLAND PRICES | ||
| 650 | _aRICS SURVEY | ||
| 690 | _aRURAL-MARKET | ||
| 942 | _n0 | ||
| 999 |
_c64250 _d64250 |
||